| 000 | nam a22 7a 4500 | ||
|---|---|---|---|
| 999 |
_c128447 _d128447 |
||
| 008 | 181030b xxu||||| |||| 00| 0 eng d | ||
| 020 | _a9780854394814 | ||
| 050 |
_aBT431 _b.M386 |
||
| 100 |
_aMartini, Carlo Maria _96591 |
||
| 245 |
_aPromise fulfilled _cCarlo Maria Martini |
||
| 260 |
_aItaly _bEditrice Morcelliana _c1994 |
||
| 300 |
_a175p. ; _c19cm. |
||
| 600 |
_aJesus Christ _xPassion _xMeditations _943145 |
||
| 942 |
_2lcc _cMONOGRAPH |
||